[Event "IND-ch U09 Girls 37th"]
[Site "Pune"]
[Date "2024.12.29"]
[Round "4"]
[White "P, Yakshini"]
[Black "Gumudavelly, Nakshatra"]
[Result "1-0"]
[WhiteElo "1408"]
[BlackElo "1492"]
[PlyCount "120"]
[EventDate "2024.12.27"]
[EventType "swiss"]
[EventRounds "11"]
[EventCountry "IND"]
[SourceTitle "CB02_2025"]
[SourceDate "2025.01.08"]
[SourceVersion "1"]
[SourceVersionDate "2025.01.08"]
[SourceQuality "1"]

1. e4 e5 2. Nf3 Nc6 3. Bc4 Nf6 4. Ng5 d5 5. exd5 Na5 6. Bb5+ c6 7. dxc6 bxc6 8. Bd3 Ng4 9. Nf3 f5 10. h3 Nf6 11. Nxe5 Bc5 12. 0-0 0-0 13. Nc3 Qd6 14. Bc4+ Nxc4 15. Nxc4 Qc7 16. d4 Rd8 17. Be3 Ba6 18. Qd3 f4 19. Na4 Bb6 20. Naxb6 axb6 21. Bd2 Qf7 22. b3 c5 23. Bxf4 Rxd4 24. Qf3 Rad8 25. Ne5 Qd5 26. Qxd5+ R8xd5 27. Nc6 Bxf1 28. Nxd4 Bxg2 29. Nc6 Rd7 30. Kxg2 Nd5 31. Bg3 Nc3 32. Be5 Nd5 33. Kf3 Rf7+ 34. Ke4 Nf6+ 35. Bxf6 Rxf6 36. Ne5 Rxf2 37. c4 Rh2 38. Rd1 h6 39. Rd8+ Kh7 40. Rb8 Re2+ 41. Kd5 Rxa2 42. Rxb6 Rh2 43. Kxc5 Rxh3 44. Kd6 h5 45. c5 h4 46. c6 Rc3 47. Rb4 g5 48. Rg4 Kh6 49. Nf7+ Kg6 50. Nxg5 Kh5 51. Rc4 Rd3+ 52. Kc5 Rd8 53. Nf7 Rf8 54. Rxh4+ Kxh4 55. Nd6 Rb8 56. b4 Kg5 57. c7 Rf8 58. c8Q Rxc8+ 59. Nxc8 Kf6 60. b5 Ke6 1-0

[Event "IND-ch U09 Girls 37th"]
[Site "Pune"]
[Date "2024.12.27"]
[Round "2"]
[White "P, Yakshini"]
[Black "Alankrita, Sharma"]
[Result "1-0"]
[WhiteElo "1408"]
[BlackElo "1520"]
[PlyCount "93"]
[EventDate "2024.12.27"]
[EventType "swiss"]
[EventRounds "11"]
[EventCountry "IND"]
[SourceTitle "CB02_2025"]
[SourceDate "2025.01.08"]
[SourceVersion "1"]
[SourceVersionDate "2025.01.08"]
[SourceQuality "1"]

1. e4 e5 2. Nf3 Nc6 3. Bc4 Bc5 4. Nc3 Nf6 5. d3 h6 6. Be3 Bb6 7. Qd2 d6 8. h3 Be6 9. Bb3 d5 10. exd5 Bxd5 11. Nxd5 Nxd5 12. 0-0-0 Nxe3 13. fxe3 Qe7 14. Ba4 0-0-0 15. Bxc6 bxc6 16. d4 exd4 17. Nxd4 Qe4 18. Qc3 c5 19. Nf3 f6 20. Rxd8+ Rxd8 21. Rd1 Rxd1+ 22. Kxd1 Qd5+ 23. Qd3 Qxa2 24. b3 Kb7 25. Qe4+ c6 26. Nd2 Qa1+ 27. Ke2 Qe5 28. Qxe5 fxe5 29. Nf3 Bc7 30. Kd3 Kb6 31. Ke4 Kb5 32. Nxe5 Bxe5 33. Kxe5 a5 34. e4 c4 35. Kd6 cxb3 36. cxb3 Kb4 37. e5 Kxb3 38. e6 a4 39. e7 a3 40. e8Q a2 41. Qe1 Kb2 42. Qd2+ Kb1 43. Qb4+ Kc2 44. Qa3 Kb1 45. Qb3+ Ka1 46. Qc2 g5 47. Qc1# 1-0